EL DESLINDE : PROLEGOMENOS A LA TEORIA LITERARIA /

INDICE

שמור ב:
מידע ביבליוגרפי
מחבר ראשי: Reyes, Alfonso (autor)
פורמט: ספר
נושאים:
תגים: הוספת תג
אין תגיות, היה/י הראשונ/ה לתייג את הרשומה!

MARC

LEADER 00000nam^a2200000^a^4500
001 000233230
005 20250521000000.0
009 20260310104637.931
035 |a 055887 
037 |a Acervo Xavier Clavigero 
082 |a 801. 95  |b REY 
100 |a Reyes, Alfonso  |e (autor) 
245 1 3 |a EL DESLINDE :  |b PROLEGOMENOS A LA TEORIA LITERARIA /  |c ALFONSO REYES 
264 |a MEXICO :  |b EL COLEGIO DE MEXICO,  |c 1944 
300 |a 376 p. 
336 |a texto  |b txt  |2 rdacontenido 
337 |a sin mediación  |b n  |2 rdamedio 
338 |a volumen  |b nc  |2 rdasoporte 
520 |a INDICE 
649 |a XX 
650 |a Literatura -  |x Historia y Crítica -  |x Teoría 
910 |a Fondo General 
920 |a Impresos - Libros 
930 |a Colección General 
940 |a Literatura 
905 |a 101 
901 |a 055887  |b IT1  |c LIT  |i 055887  |u 20250521 
902 |a https://opac.biblio.iteso.mx/vufind/Record/000233230